| 000 | 00904nam a22002177a 4500 | ||
|---|---|---|---|
| 999 |
_c6287 _d6287 |
||
| 003 | AR-CdUCM | ||
| 008 | 190314b ||||| |||| 00| 0 spa d | ||
| 040 |
_aMUNICIPALIDAD PROVINCIAL DEL CUSCO _cBIBLIOTECA MUNICIPAL DEL CUSCO |
||
| 082 |
_a869.57 / _bAN62 |
||
| 110 |
_aMinisterio de Cultura, Dirección Desconcentrada de Cultura - Cusco _910640 |
||
| 245 |
_aPoesía : _bAntología de Ganadores del Premio Regional de Cultura 2015 - Categoría C mayores de 18 años. / |
||
| 260 |
_aCusco-Perú : _bDirección Desconcentrada de Cultura - Cusco ; _c2015. |
||
| 300 |
_a184 páginas ; _c21cm |
||
| 440 |
_aColección Ch'aska Mayu _918047 |
||
| 505 | _aContenido: Poesía | ||
| 650 |
_aPoesía cusqueña _92323 |
||
| 650 |
_aLiteratura cusqueña _910596 |
||
| 710 |
_aGobierno Regional del Cusco, Gerencia de Desarrollo Social -Proyecto Yachay Chaski _918048 |
||
| 942 |
_2ddc _cLIBROS |
||
| 945 | _anom | ||